000 00612cam a2200145 4500500
005 20260208002441.0
041 _afre
042 _adc
100 1 0 _aMasset, Claude
_eauthor
245 0 0 _aFabrice Fernandez, Samuel Lézé & Hélène Marche, eds, Le Langage social des émotions. Études sur les rapports au corps et à la santé, Paris, Economica-Anthropos, 2008, 425 p., notes bibliogr.
260 _c2011.
500 _a30
786 0 _nL'Homme | 198-199 | 2 | 2011-07-01 | p. 367r-419r | 0439-4216
856 4 1 _uhttps://shs.cairn.info/revue-l-homme-2011-2-page-367r?lang=fr&redirect-ssocas=7080
999 _c1646414
_d1646414